000 01016nam0a22002891 4500
001 RU\INFOCOMM_322\NLR\5000112405
005 20250613105045.0
035 _a(NLR Aleph) 009517837
090 _a8807835
_c8807835
100 _a20121217d1979 |||y0rusy50 ca
101 0 _aeng
102 _aRU
105 _ay z |||||
200 1 _aExactly solube model of classical anharmonic crystal
_fA. M. Kurbatov
210 _aДубна
_cОИЯИ
_d1979
215 _a12 с.
_d21 см
225 1 _aСообщения Объединенного института ядерных исследований
_vЕ17-12434
300 _aРез. на рус. яз.
320 _aБиблиогр.: с. 12
606 0 _aКристаллы ангармонические
_xМодели
_91453261
_3RU\NLR\AUTH\66615936
686 _aВ371.23
_2rubbk
700 1 _aKurbatov
_bA. M.
_gAleksandr Michajlovič
801 1 _aRU
_bInfocomm
_c20121217
801 0 _aRU
_bINFOCOMM
_gPSBO
852 _aNLR
_jП11/2061
942 _cBOOK
980 _aNB